Broadway Musicals en Español Quiz Stats

Quiz Updated Nov 9, 2016

Challenge
Share
Tweet
Embed
Score 0/32 Timer 08:00
4 Plays Today
Spanish English % Correct
El Fantasma de la ÓperaThe Phantom of the Opera
97.3%
RentaRent
95.1%
GatosCats
93.1%
Bella y la BestiaBeauty and the Beast
89.5%
El Hombre de la MúsicaThe Music Man
83.4%
El Rey y YoThe King and I
82.2%
El Color MoradoThe Color Purple
81.9%
El Rey LeónThe Lion King
81.4%
El Sonido de la MúsicaThe Sound of Music
81.3%
Bésame, KateKiss Me, Kate
79.4%
Pacífico del SurSouth Pacific
78.1%
Eres un Hombre Bueno, Charlie BrownYou're a Good Man, Charlie Brown
76.9%
Annie Consiga Su RevólverAnnie Get Your Gun
70.4%
PeloHair
69.8%
Trece13
59.1%
Rigurosamente Moderna MillieThoroughly Modern Millie
56.2%
Spanish English % Correct
Una Poca Música de NocheA Little Night Music
55.9%
Joseph y el Sueñoabrigo Asombroso y TecnicolorJoseph and the Amazing Technicolor Dreamcoat
55.5%
Siete Novias para Siete HermanosSeven Brides for Seven Brothers
55.4%
Tipos y MuñecasGuys and Dolls
50%
Tienda Pequeña de TerroresLittle Shop of Horrors
49.6%
Violinista en el TejadoFiddler on the Roof
49.2%
MalvadaWicked
44.1%
Historia del Lado OesteWest Side Story
41.9%
Laca para el PeloHairspray
40.2%
VaselinaGrease
35.8%
Cuadragésima Segunda Calle42nd Street
29.2%
Dentro los BosquesInto the Woods
24.4%
El Vigésimo Quinto Anual Condado Putnam Concurso de DeletreoThe 25th Annual Putnam County Spelling Bee
22.1%
AjedrezChess
18.8%
Pinte Su CarromatoPaint Your Wagon
14.4%
Una Vez sobre un ColchónOnce Upon a Mattress
10.2%

You're not logged in!

Compare scores with friends on all Sporcle quizzes.
Sign Up with Email
OR
Log In

You Might Also Like...

Show Comments

Extras

Top Quizzes Today


Score Distribution

Your Account Isn't Verified!

In order to create a playlist on Sporcle, you need to verify the email address you used during registration. Go to your Sporcle Settings to finish the process.